International marketing/ (Record no. 16759)
[ view plain ]
| 000 -LEADER | |
|---|---|
| fixed length control field | 00653nam a2200181 4500 |
| 008 - FIXED-LENGTH DATA ELEMENTS--GENERAL INFORMATION | |
| fixed length control field | 220328b ||||| |||| 00| 0 eng d |
| 082 ## - DEWEY DECIMAL CLASSIFICATION NUMBER | |
| Edition number | 2020 |
| Classification number | DC 658.84 |
| Item number | In821 |
| 100 ## - MAIN ENTRY--PERSONAL NAME | |
| Personal name | Cateora, Philip R. |
| 9 (RLIN) | 8489 |
| 245 ## - TITLE STATEMENT | |
| Title | International marketing/ |
| Statement of responsibility, etc. | Philip R. Cateora [and three others] |
| 250 ## - EDITION STATEMENT | |
| Edition statement | International Student Edition. |
| 260 ## - PUBLICATION, DISTRIBUTION, ETC. (IMPRINT) | |
| Place of publication, distribution, etc. | New York : |
| Name of publisher, distributor, etc. | McGraw Hill Education , |
| Date of publication, distribution, etc. | ©2020. |
| 300 ## - PHYSICAL DESCRIPTION | |
| Extent | xxxii, 682 pages : |
| Other physical details | color illustrations; |
| Dimensions | 27 cm. |
| 650 ## - SUBJECT ADDED ENTRY--TOPICAL TERM | |
| Topical term or geographic name as entry element | Export marketing. |
| 9 (RLIN) | 44822 |
| 700 ## - ADDED ENTRY--PERSONAL NAME | |
| Personal name | Money, R. Bruce. |
| Relator term | Author. |
| 9 (RLIN) | 44823 |
| 700 ## - ADDED ENTRY--PERSONAL NAME | |
| Personal name | Gilly, Mary C. |
| Relator term | Author. |
| 9 (RLIN) | 44824 |
| 700 ## - ADDED ENTRY--PERSONAL NAME | |
| Personal name | Graham, John L. |
| Relator term | Author. |
| 9 (RLIN) | 8490 |
| 942 ## - ADDED ENTRY ELEMENTS (KOHA) | |
| Source of classification or shelving scheme | Dewey Decimal Classification |
| Koha item type | Circulation |
| Withdrawn status | Lost status | Source of classification or shelving scheme | Damaged status | Not for loan | Collection code | Home library | Current library | Date acquired | Source of acquisition | Cost, normal purchase price | Total Checkouts | Full call number | Barcode | Date last seen | Price effective from | Koha item type |
|---|---|---|---|---|---|---|---|---|---|---|---|---|---|---|---|---|
| Dewey Decimal Classification | Circulation | UM Digos College - LIC | UM Digos College - LIC | 02/10/2022 | Purchased | 4538.00 | DC 658.84 In821 2020 | 26454 | 05/15/2025 | 03/28/2022 | Circulation |
